| 000 | 00410nam a2200145Ia 4500 | ||
|---|---|---|---|
| 008 | 230312s9999||||xx |||||||||||||| ||und|| | ||
| 020 | _a9789698455224 | ||
| 082 |
_a891.4 _bNAE-P |
||
| 100 | _aمحمد نعیم اللہ | ||
| 245 | 0 | _aپاکستان جاگیر داری زمینداری نظام کے شکنجےمیں | |
| 260 |
_bJamhori _apak _c2015 |
||
| 300 | _a304 | ||
| 650 | _aLiterature | ||
| 942 | _cBK | ||
| 999 |
_c14879 _d14879 |
||